| 000 | 01199cam a2200289 a 4500 | ||
|---|---|---|---|
| 999 |
_c30888 _d30888 |
||
| 001 | 14949497 | ||
| 005 | 20210127085849.0 | ||
| 008 | 070801s2008 nyua b 001 0 eng | ||
| 010 | _a 2007031554 | ||
| 020 | _a9780805861396 (alk. paper) | ||
| 040 |
_aDLC _cDLC _dDLC |
||
| 043 | _an-us--- | ||
| 050 | 0 | 0 |
_aLC1099.3 _b.S69 2008 |
| 100 | 1 | _aSpring, Joel H. | |
| 245 | 1 | 4 |
_aThe intersection of cultures : _bmulticultural education in the United States and the global economy / _cJoel Spring. |
| 250 | _a4th ed. | ||
| 260 |
_aNew York : _bLawrence Erlbaum Associates, _c2008. |
||
| 300 |
_axvii, 315 p. : _bill. ; _c23 cm. |
||
| 490 | 0 | _aSociocultural, political, and historical studies in education | |
| 504 | _aIncludes bibliographical references and indexes. | ||
| 650 | 0 |
_aMulticultural education _zUnited States. |
|
| 650 | 0 | _aInternational economic relations. | |
| 856 | 4 | 1 |
_3Table of contents only _uhttp://www.loc.gov/catdir/toc/ecip0724/2007031554.html |
| 906 |
_a7 _bcbc _corignew _d1 _eecip _f20 _gy-gencatlg |
||
| 942 |
_2lcc _cBOOKS _hLC1099.3 .S69 2008 |
||